[Event "Gibraltar Masters"]
[Site "Catalan Bay"]
[Date "2003.02.06"]
[Round "10"]
[White "McShane, Luke J"]
[Black "Tiviakov, Sergei"]
[Result "0-1"]
[WhiteElo "2568"]
[BlackElo "2635"]
[Annotator "Tiviakov,S"]
[PlyCount "154"]
[EventDate "2003.01.28"]
[EventType "swiss"]
[EventRounds "10"]
[EventCountry "ENG"]
[SourceTitle "EXT 2004"]
[Source "ChessBase"]
[SourceDate "2003.11.25"]
[SourceVersion "1"]
[SourceVersionDate "2003.11.25"]
[SourceQuality "1"]

1. e4 c5 2. Nf3 d6 3. Bc4 Nf6 4. d3 e6 5. Bb3 Be7 6. c3 O-O 7. O-O Nc6 8. Qe2
b5 $5 9. d4 (9. Re1 a5 10. Bc2 b4 $15 {0-1 Sabjanov,R-Guliev,L/Kstovo 1994/CBM
42 ext (38)}) 9... cxd4 $146 (9... Qb6 $5 10. e5 Nd5 11. Rd1 cxd4 12. cxd4 Na5
13. Bxd5 exd5 14. Nc3 Be6 15. Qxb5 Rab8 16. Qxb6 Rxb6 17. b3 Rc6 18. Bb2 Rb8
19. Rac1 Rcc8 20. Ba3 Rd8 21. Bxd6 Bxd6 22. exd6 Rxd6 23. Na4 Bg4 24. Rd3 Bxf3
25. Rxf3 Nc6 26. Rd3 g6 27. a3 Kg7 28. Kf1 Na5 29. Nc5 Rc6 30. Re1 Rd6 31. Re7
Nc6 32. Rc7 Re8 33. b4 Rb8 34. Nd7 Re8 35. b5 Nd8 36. Ne5 a6 37. Rf3 Kg8 38.
Nxf7 Rde6 39. g3 axb5 40. Nxd8 Rxd8 41. Rff7 h5 42. Rg7+ Kh8 43. Rgd7 Rxd7 44.
Rxd7 Ra6 45. Rxd5 Rxa3 46. Rxb5 Kg7 47. h4 Rd3 48. Rb4 Kf6 49. Ke2 Ra3 50. Rb5
Ke6 51. Re5+ Kf6 52. Re3 Ra2+ 53. Kf3 Rd2 54. Re4 Kf5 55. Re5+ Kf6 56. Ke3 Rd1
57. f3 Re1+ 58. Kf4 Rd1 59. Re4 Rd3 60. g4 Kf7 61. gxh5 gxh5 62. Kg5 Kg7 63. f4
Rg3+ 64. Kxh5 Kf6 65. Re5 {1-0 De Armas,A-Ulloa,Y/Caibarien 2002/EXT 2003 (65)}
) 10. cxd4 a5 $5 11. e5 (11. Qxb5 $2 Ba6 12. Qxc6 Bxf1 13. Kxf1 Rc8 $19) 11...
dxe5 12. dxe5 Nd7 (12... Nd5 $5) 13. Rd1 (13. Bc2 $1 {(/\Qe4)} Qc7 $5 (13...
Nc5 14. Be3 $1) (13... Bb7 14. a3 (14. Rd1 Nb4 15. Be4 Bxe4 16. Qxe4 Nd5 $11)
14... Qc7 (14... b4 15. Rd1 Re8 16. Qe4 $14) 15. Bf4 b4 16. Rc1 Rfd8 (16... Nc5
) 17. Nbd2 Nc5 18. Qe3 $14 Ba6 (18... bxa3 19. bxa3 $14) 19. Bg5 Rac8 20. Ne4
Nxe4 21. Bxe4 Bb7 22. axb4 axb4 23. h4 Qd7 24. Rc4 Bxg5 25. hxg5 Ne7 26. Rxc8
Qxc8 27. Bxb7 Qxb7 28. Ra7 Qd5 29. Rxe7 Rf8 30. Rc7 Qa2 31. Qc5 {1-0 McShane,
L-Sebag,M/Malmo SWE 2003/The Week in Chess 456 (31)}) 14. Nc3 (14. Bf4 b4 $13)
14... Ba6 (14... b4 15. Nb5 $14) (14... Ndxe5 15. Nxb5 Qb8 16. a4 $14) 15. Nxb5
Bxb5 16. Qxb5 Ndxe5 (16... Ncxe5) 17. Nxe5 Nxe5 18. Qe2 Rac8 19. Bb1 Bf6 $132 {
/^a1-h8, ><b2} (19... Rfd8)) 13... b4 $1 {[פb1]} 14. Bc2 Qc7 15. Bf4 (15. Bg5
Re8 $5 $11 {><e5}) 15... Ba6 16. Qe4 (16. Qe3 $5) 16... g6 17. Nbd2 Rfd8 18.
Rac1 Nc5 19. Qe3 Nd3 20. Bxd3 Rxd3 (20... Bxd3 21. Nb3 {/\Nfd4}) 21. Qe4 Rd5 $1
22. Nc4 Bxc4 23. Qxc4 Rad8 24. Rxd5 Rxd5 $11 25. Be3 (25. Qa6 Qd7) 25... Qd7
26. Kf1 Rd1+ 27. Ke2 Rxc1 28. Bxc1 Bf8 (28... Kg7) 29. b3 Bg7 30. Bf4 (30. Bb2
Bh6 (30... h6)) 30... h6 31. h4 Ne7 32. Be3 Nd5 33. Bd4 (33. Bd2 $11) 33...
Nf4+ 34. Kf1 Qb7 $5 (34... Nd5 $11) 35. Bb2 g5 $5 36. hxg5 hxg5 37. Bc1 Qd7 $5
(37... Ng6 38. Bxg5 Nxe5 39. Nxe5 Bxe5 $11) 38. Bxf4 (38. Qc2 Qb5+ (38... Nd3
39. Bxg5 Nxe5 40. Nxe5 Bxe5 $11) 39. Qc4 Qxc4+ (39... Qd7 $11) 40. bxc4 Nd3 41.
Bxg5 a4 $15) 38... Qd1+ 39. Ne1 gxf4 40. Qc8+ $6 (40. Qxf4 Qa1 41. Qg5 Qxa2 (
41... Qxe5 42. Qxe5 Bxe5 43. Ke2 $11) 42. Qd8+ Kh7 (42... Bf8 43. Qg5+ $11) 43.
Qd3+ $11) 40... Bf8 41. Qa8 (41. Qc7 Qd4 42. Qxa5 {- 41.Qa8}) 41... Qd4 $1 42.
Qxa5 Bc5 43. Qa8+ Kg7 44. Qf3 Qxe5 $15 {[+]} 45. Qg4+ (45. Qd1 Bd6 $15) 45...
Kf8 46. Qd1 Bd6 47. Nf3 Qb5+ 48. Kg1 $6 {[עg1]} (48. Qe2 $142 $15) 48... Ke7
49. Qc2 (49. Qd4 Qa5 50. Qd2 $15) 49... Qd5 $1 {[+]} 50. Kf1 e5 51. Ng5 $2 (51.
Nd2 f5 {[+]}) 51... f5 $1 52. Nf3 e4 53. Nd2 Be5 $17 54. Nc4 Bc3 55. Qc1 (55.
Ke2 f3+ $1 56. gxf3 (56. Kf1 f4 $19) 56... exf3+ 57. Kf1 f4 $19) 55... Qd4 $5 (
55... Kd8 $5 56. Qc2 $17 (56. a4 $2 bxa3 57. Nxa3 Bb2 $19) (56. Kg1 e3 $1 57.
fxe3 fxe3 58. Nxe3 $2 Qd4 $19)) 56. Kg1 (56. a4 bxa3 57. Qxa3+ Kd7 $17) 56...
e3 57. Qf1 $8 (57. Qc2 Be1 $1 58. fxe3 fxe3 59. Kf1 Bd2 60. Nxd2 exd2 61. Ke2
Qg4+ 62. Kxd2 Qxg2+ 63. Kc1 Qxc2+ 64. Kxc2 Kd6 $19) 57... Kf6 (57... Qe4 $5 58.
Qe2 Bd4 $17 (58... Qb1+ 59. Kh2 Be1 60. Qh5 $11) (58... Kf6 {- 57...Kf6})) 58.
Qe2 Qe4 59. Kh2 Bd4 60. fxe3 fxe3 61. Kg1 (61. a4 bxa3 62. Nxa3 Be5+ 63. Kg1
Qh4 $19) 61... Kg5 $6 $138 (61... Qh4 $22 62. a4 bxa3 63. Nxa3 Be5 64. g4 Qg3+
65. Kf1 Qh3+ 66. Ke1 Bc3+ 67. Kd1 Qh1+ 68. Kc2 Bd2 69. b4 Qc1+ 70. Kb3 Qc3+ 71.
Ka2 f4 $19) 62. a3 $6 (62. Kf1 $17) 62... Qb1+ $2 (62... Qc2 $1 63. Kf1 (63.
Qxc2 e2+ 64. Kh2 e1=Q 65. g3 (65. Qd2+ Qxd2 66. Nxd2 bxa3 $19) 65... Qg1+ 66.
Kh3 bxa3 67. Nxa3 Bf2 $19) 63... Qxb3 64. axb4 f4 65. Na5 (65. Nd6 Qb1+ 66. Qe1
Qh7 67. Ke2 Qg6 $19) 65... Qb1+ 66. Qe1 Qh7 67. Ke2 Qc2+ 68. Kf3 (68. Kf1 Bc3
$19) 68... Bc3 69. Qe2 Qf5 $19) 63. Kh2 $138 bxa3 (63... Qxb3 64. axb4 Qxb4 65.
g3 $17) 64. Nxa3 Qxb3 (64... Be5+ 65. g3 Qe4 66. Nc2 Qh4+ 67. Kg1 Qxg3+ 68. Kf1
$17) 65. Nc2 Qb2 (65... Qc3 66. Ne1 $17) 66. Qd3 (66. Qc4 $142 $17) (66. g3 $17
) 66... Bb6 67. Qe2 $2 (67. Qc4 $17) 67... Qh8+ $1 68. Kg1 Qh4 $19 69. Na3 (69.
g4 Qxg4+ 70. Qxg4+ (70. Kf1 Qe4 71. Qg2+ Qxg2+ 72. Kxg2 Kg4 73. Ne1 e2 $19)
70... Kxg4 $19 (70... fxg4 $19)) (69. g3 Qxg3+ $19) 69... Qf4 $6 (69... Qa4 $1
70. Nc2 (70. Nc4 Qd1+ 71. Qxd1 e2+ $19) (70. Nb5 Qd1+ $19) 70... Qxc2 71. Qxc2
e2+ 72. Kh2 e1=Q $19) 70. Nc4 (70. Nc2 Ba7 71. g3 $8 (71. Kh1 Qf2 $19) (71. Na3
Qa4 $19) 71... Qxg3+ $19) 70... Bc5 71. Kh1 (71. Nb2 Bd6 72. g3 Qxg3+ 73. Kf1
Qh3+ 74. Kg1 Qg4+ 75. Kf1 Qe4 $19) 71... Qg4 72. Qxg4+ Kxg4 73. Kh2 e2 74. Ne5+
Kf4 75. Nf3 Bf2 76. Kh1 Kg3 77. Ng1 Bxg1 0-1

[Event "ISR-chT"]
[Site "Israel"]
[Date "2001.03.17"]
[Round "5.5"]
[White "Shachar, Ehud"]
[Black "Tyomkin, Dimitri"]
[Result "1/2-1/2"]
[WhiteElo "2355"]
[BlackElo "2500"]
[Annotator "Tyomkin,D"]
[PlyCount "76"]
[EventDate "2001.02.??"]
[EventType "team"]
[EventRounds "11"]
[EventCountry "ISR"]
[SourceTitle "CBM 082"]
[Source "ChessBase"]
[SourceDate "2001.05.17"]
[SourceVersion "1"]
[SourceVersionDate "2001.05.17"]
[SourceQuality "1"]

1. e4 c5 2. Nf3 d6 3. c3 Nf6 4. h3 Nc6 5. Bd3 g6 6. O-O Bg7 7. Re1 O-O 8. Bf1
e5 9. d4 $6 {This move looks strategically wrong- white is still undeveloped
but he opens the center by d4 move.} cxd4 10. cxd4 exd4 11. Nxd4 Nxd4 (11...
Re8 12. Nxc6 bxc6 13. Nc3 d5 (13... Rb8 $5 $15 {[%csl Rb2]}) 14. exd5 Rxe1 15.
Qxe1 Nxd5 $15 {1/2-1/2 Wang Wenhao-Genov,P/Antwerpen 1992/CBM 30 ext (66)}) 12.
Qxd4 Re8 13. Bg5 {This attempt to simplify position is quite risky as it is
proved in the 13...Bxf6 line. 13.Qd3 looks better than 13.Bg5, but black has
chances for better play there too.} (13. Qd3 d5 (13... Bf5 14. Nc3 d5 $15) 14.
e5 Ne4 15. Nc3 Nxc3 (15... Qb6 $5 16. Be3 Qxb2 17. Nxd5 Qxe5 18. Rac1 $44 {
[%cal Gd5c7]}) (15... Rxe5 16. Bf4 $132 {[%csl Rd5]}) 16. Qxc3 d4 17. Qg3 Qb6 (
17... Bf5 $142 $15) 18. Bd3 Be6 {0-1 Savic,M-Pogonina,N/Halkidiki GRE 2000/The
Week in Chess 310 (41)}) 13... h6 14. Bxf6 Qxf6 $146 {Black is better on
forthcomin ending, but it was better to stay in the middlegame trying to use
backwardness of white in development.} (14... Bxf6 15. Qd2 d5 $1 16. Nc3 dxe4
17. Nxe4 (17. Qxd8 Rxd8 18. Rxe4 Bf5 $17) 17... Qxd2 18. Nxf6+ (18. Nxd2 Be6 $1
$17) 18... Kf8 19. Rxe8+ Kg7 20. Re2 Qa5 $17 {0-1 Bazant,P-Calzetta Ruiz,M/
Olomouc 2000/CBM 77 ext (41)}) 15. Qxf6 (15. Qa4 Bxh3 $5 (15... Be6 16. Nc3 Qg5
$15) 16. gxh3 Qg5+ 17. Bg2 Bxb2 18. Na3 Bxa1 19. Rxa1 a6 $13) 15... Bxf6 16.
Nc3 {[%cal Gc3b5,Gc3d5]} Bxc3 17. bxc3 {[%mdl 16] Black is better because of
the pawn structure- a2 and c3 pawns of white are weaknesses, d6 of black is
weak as well, but it is very easy to protect it. C-semi open file will be used
for black rooks to create a pressure on c3.} Be6 (17... Bd7 {[%cal Gd7c6]} 18.
Rad1 {[%csl Rd6]}) 18. Reb1 Re7 19. a4 Rc8 20. Ra3 (20. Rd1 $5) 20... Rc5 21.
Rb5 Rec7 22. Rxc5 Rxc5 $15 {Black reasonably keeps c-file open.} (22... dxc5
23. f4 $11 {[%cal Gg1f2]}) 23. a5 g5 24. f3 Kg7 25. Kf2 f5 26. Ke3 f4+ (26...
fxe4 27. fxe4 {[%cal Ge3d4] white will be safe by moving the king to d4.} (27.
Kxe4 Re5+ 28. Kd4 Re1 $15 {[%csl Rg2,Rh3]})) 27. Kd4 Kf6 {Here I missed a plan
to transfer the king to g3, which could give me winning chances.} (27... Kg6 $1
{[%cal Gg6h5,Gh5h4,Gh4g3]} 28. a6 b6 29. Ra4 Kh5 {[%cal Gh5h4,Gh4g3,Yh6h5,
Yg5g4] The following plan is Kh5-g4-g3 and h5, g5-g4 then.} 30. Bc4 $140 b5)
28. c4 Bd7 29. Bd3 Bc6 30. Ra1 h5 {It cuts off the last winning chance of
black- the transfer of black king to g3 via h5, but even there white has a way
to defend.} (30... Re5 31. Bc2 Kg6 32. Kc3 Kh5 33. a6 b6 34. Rd1 Re6 35. Bb3 {
[%cal Gc4c5]} Rf6 36. Kd4 $132 {[%cal Ge4e5] and white gets countechances by
e4-e5 break.} (36. Kb4 $5 {[%cal Gb3a4]})) 31. Be2 Re5 32. Bd3 Rc5 33. Be2 a6
34. Bd3 Re5 35. Bc2 Rc5 36. Bd3 Re5 37. Bc2 Bd7 38. Bd3 Bc6 1/2-1/2

[Event "Montreal-A 5th"]
[Site "Montreal"]
[Date "2004.08.11"]
[Round "7"]
[White "Rozentalis, Eduardas"]
[Black "Tyomkin, Dimitri"]
[Result "0-1"]
[WhiteElo "2619"]
[BlackElo "2498"]
[Annotator "Tyomkin,D"]
[PlyCount "84"]
[EventDate "2004.08.04"]
[EventType "tourn"]
[EventRounds "11"]
[EventCountry "CAN"]
[EventCategory "12"]
[SourceTitle "CBM 103"]
[Source "ChessBase"]
[SourceDate "2004.11.11"]
[SourceVersion "1"]
[SourceVersionDate "2004.11.11"]
[SourceQuality "1"]

1. e4 {Psakhis} c5 2. Nf3 d6 3. Bc4 Nf6 4. d3 Bg4 $6 {I got 45 min late to
this game and played my first moves very fast but carelesly, and actually was
very lucky not to lose this game right in the opening!} (4... Nc6 5. c3 g6 {
This way is more recommended for black that the one in the game :-)}) 5. e5
Bxf3 $2 {Inviting disaster; This wasn't too late to get some decent position
by 5...d5} (5... d5 $142 6. Bb3 (6. Bb5+ Nfd7) 6... Ng8 $14 {Some weird hibrid
of Caro CCann and French... but probably this can't be very bad for black;} 7.
Nbd2 {Psakhis} Nc6 8. h3 Bxf3 9. Nxf3 e6 10. O-O Nge7 11. c3 d4 12. Bg5 $36 {
1/2-1/2 Ennenbach,R-Wellner,E/Gocher op 1996 (38)}) 6. Qxf3 dxe5 7. Qxb7 {
Black position is crushed for pieces;} Nbd7 8. Nc3 Qc8 (8... e6 9. Nb5) 9. Qf3
{Also the ending is no fun for black, but in the middlegame black suffers even
worser;} (9. Qxc8+ Rxc8 10. O-O e6 11. Re1 $16) 9... e6 (9... a6 {Psakhis} 10.
Nd5 $5 Ra7 11. O-O e6 12. Nxf6+ Nxf6 13. Re1 Bd6 14. a4 h6 15. a5 Qa8 16. Qg3
$36 {Speckner,R-Hartmann,W/Oberliga Bayern9899 1999/0-1 (49)}) 10. g4 {
Eduardas tries to play creatively, and prefers this aggresive move to safe 10.
0-0; I believe most of you would choose the 2nd way; Psakhis: 'White had many
quiet moves at his disposal but he decided the time has come to change the
course of events.'} (10. O-O Be7 $16 {[%cal Ge8g8]}) 10... Nb6 {Black needs d7
for the other knight- g4-g5 was very annoying threat for black;} (10... h6 {
Psakhis} 11. h4 {[%cal Gg4g5]}) 11. Bb5+ Nfd7 12. a4 a6 $2 {Simply loses one
tempo;} (12... Rb8 13. Bc6 (13. a5 $140 Nd5) 13... Be7 14. a5 Na8 {semilar to
the game, but with one extra tempo for black;}) 13. Bc6 Rb8 14. a5 Na8 {
Psakhis: 'White has an obvious advantage - both in the centre and in
development, but black's position is still a hard nut to crack.'} 15. Ne4 (15.
h4 $5 {Psakhis} Be7 16. g5 O-O 17. h5 $36) 15... Be7 16. g5 O-O {Only good
news for black so far is that black is much better developed!} 17. Rg1 Kh8 (
17... Nc7 18. Qh5 Nd5 19. Bxd7 Qxd7 20. Rg3 g6 21. Qh6 f5 22. gxf6 Nxf6 23. Ng5
$40) 18. Bxd7 Qxd7 19. Qh5 $6 {Gives black a chance to mobilize pieces;} (19.
Rg3 $142 Nc7 (19... c4 20. Rh3 cxd3 21. Nf6 $1 $18) 20. Nf6 (20. Rh3 Nd5 21.
Qh5 h6) 20... Bxf6 (20... gxf6 21. Rh3 $1 {and mate in few;}) 21. gxf6 g6 22.
Bh6 Rg8 (22... Rfc8 23. Bg7+ Kg8 24. Rh3 $18 {[%cal Gh3h7]}) 23. Rh3 (23. Bg7+
Rxg7 24. fxg7+ Kxg7 25. b3 Qd4 $132) 23... Qd5 24. Bg7+ Rxg7 25. fxg7+ Kxg7 26.
Rxh7+ (26. O-O-O Qxf3 27. Rxf3 Rb5 $11) 26... Kxh7 27. Qxf7+ Kh6 28. Qxc7 Rxb2
29. Ra4 e4 {crazy line, white still keeps some advantage here too, but black
is alive!}) 19... Nc7 20. Rg3 Nd5 21. b3 (21. Rh3 h6 22. gxh6 g6 23. Qxe5+ f6
24. Qg3 e5 25. b3 Kh7 {and the fight is on!}) 21... Nf4 22. Bxf4 exf4 23. Rh3
h6 24. Ra4 (24. gxh6 g6 25. Qe5+ f6 26. Qxf4 e5 27. Qg3 Kh7 {white is up 2
pawns, but black has a counterplay always;}) 24... Rb4 $1 25. Rxb4 cxb4 26.
gxh6 g6 27. Qe5+ f6 28. Qxf4 e5 29. Qe3 Kh7 30. Rg3 Rc8 $2 {Both players
missed 31.h4 idea in a mutual time-trouble;} (30... Qd4 $5 31. Qxd4 exd4 {
[%cal Gf6f5] and it seems like this endings is just safe for black;}) 31. Qe2
$2 {White forgives black this time!} (31. h4 $1 $16 Rxc2 $140 32. h5 g5 33.
Nxg5+ fxg5 34. Qe4+ $18) 31... f5 {Now black is on top!} 32. Ng5+ (32. Nd2 Rxc2
33. Qxe5 Bd6 34. Qd4 Qc7 $17) 32... Bxg5 33. Rxg5 Qc6 $1 {[%cal Gc6c2,Gc6h1]} (
33... Qd4 34. Kf1 Qb2 $15) 34. Rg3 (34. Rg1 Qc3+ 35. Kf1 Rc5 36. Rg3 Qxc2 37.
Qf3 Rc7 {[%cal Gc2c6] and white is going to suffer here alot;}) 34... Qh1+ 35.
Kd2 Qa1 36. d4 $2 {One more mistake, this time decisive one;} (36. Re3 Qb2 37.
Qd1 Qc3+ 38. Ke2 Qxc2+ 39. Qxc2 Rxc2+ 40. Kd1 Rc5 41. d4 $1 exd4 42. Re7+ Kxh6
43. Rb7 Rxa5 44. Rxb4 Rb5 (44... Rd5 $17) 45. Rxd4 Rxb3 $17) 36... e4 $1 $19 {
White king is a target!} (36... Qxd4+ 37. Rd3 {[%cal Gd3d7]}) 37. d5 {Despair;}
(37. Qd1 Qxd4+ 38. Ke1 Qxd1+ 39. Kxd1 Rc5 $19 {[%csl Ra5,Rh6]}) 37... Qb2 38.
Qd1 (38. Ke3 Qc3+ 39. Kf4 Qc7+ $19) 38... Rc5 39. Ke3 Rxc2 40. d6 Qc3+ {
The fastest.} 41. Kf4 Rxf2+ 42. Kg5 Qe5 {42...Qh8 is as same good as Qe5;} 0-1